000 00847cab a2200253 4500
001 WB3345-40
008 090401t1997 xxu||||| |||| 00| 0 eng d
035 _a(Sirsi) u82172
041 _aeng
245 _aARLA pushes for single regulatory body
260 _c1997
350 _a0
490 _aNegotiator
_v12(23) 14 November 1997, 4(1)
520 _aARLA is backing calls for the registration of all privately rented property, and the creation of a self-regulatory body, in a bid to shake off the sector`s poor image.
650 _aARLA
650 _aHOUSING QUALITY
650 _aINVESTMENT VEHICLES
650 _aPRIVATE RENTED SECTOR
650 _aSELF-REGULATION
650 _aSTANDARDS
690 _aPROPERTY-RESIDENTIAL PROPERTY-RESIDENTIAL LANDLORD AND TENANT-RESIDENTIAL TENANCIES
942 _n0
948 _c18/11/1997
999 _c51835
_d51835